[Event "IECG CN.1999.0.00144"]
[Site "IECG email"]
[Date "1999.08.29"]
[Round "?"]
[White "Messerschmidt, Miek"]
[Black "Kretov, Yuri"]
[Result "1-0"]
[WhiteElo "800"]
[BlackElo "800"]
[PlyCount "41"]
[EventDate "1999.08.29"]
[EventType "tourn (corr)"]
[EventRounds "6"]
[SourceTitle "Corr 2008"]
[Source "ChessBase"]
[SourceDate "2008.06.24"]
[SourceVersion "1"]
[SourceVersionDate "2008.06.24"]
[SourceQuality "1"]

1. e4 e5 2. Nf3 Nc6 3. Bc4 Bc5 4. c3 Nf6 5. d4 exd4 6. cxd4 Bb4+ 7. Bd2 Nxe4 8. Bxb4 Nxb4 9. Bxf7+ Kxf7 10. Qb3+ d5 11. Qxb4 Re8 12. 0-0 Qd6 13. Qxd6 Nxd6 14. Nc3 c6 15. Rfe1 Bg4 16. Ne5+ Kf8 17. Nxg4 Rxe1+ 18. Rxe1 Re8 19. Rxe8+ Nxe8 20. Ne5 Ke7 21. f4 1-0